Arsenal Players - Statistics

General Stats
  • This quiz has been taken 208 times
    130 since last reset
  • The average score is 18 of 24
Answer Stats
Position Shirt Number Nationality Player % Correct
Goalkeeper 1 England Aaron Ramsdale
96%
Midfielder 8 Norway Martin Odegaard
90%
Midfielder 7 England Bukayo Saka
89%
Attacker 11 Brazil Gabriel Martinelli
89%
Attacker 9 Brazil Gabriel Jesus
88%
Midfielder 5 Ghana Thomas Partey
88%
Defender 4 England Ben White
86%
Defender 6 Brazil Gabriel
86%
Defender 12 France William Saliba
86%
Defender 35 Ukraine Oleksandr Zinchenko
85%
Midfielder 34 Switzerland Granit Xhaka
83%
Defender 18 Japan Takehiro Tomiyasu
83%
Defender 3 Scotland Kieran Tierney
81%
Midfielder 25 Egypt Mohamed Elneny
77%
Goalkeeper 30 United States Matt Turner
76%
Attacker 14 England Eddie Nketiah
71%
Midfielder 10 England Emile Smith Rowe
69%
Midfielder 21 Portugal Fabio Vieira
65%
Defender 17 Portugal Cedric
61%
Defender 16 England Rob Holding
54%
Attacker 24 England Reiss Nelson
50%
Midfielder 23 Belgium Albert Sambi Lokonga
48%
Attacker 27 Brazil Marquinhos
43%
Goalkeeper 31 Estonia Karl Hein
39%
No matching quizzes found
Score Distribution
Percent of People with Each Score
Percentile by Number Answered
Your Score History
You have not taken this quiz since the last reset